Kfz-Kennzeichen Österreich sortiert nach Bundesländer - Statistiken

Allgemein
  • Dieses Quiz wurde 24 mal gespielt
    12 seit der letzten Aktualisierung
  • Das Durchschnittsergebnis liegt bei 23 aus 99
Antwortstatistiken
Hint Antwort % Korrekt
E Eisenstadt
100%
ND Neusiedl am See
100%
AM Amstetten
75%
EU Eisenstadt - Umgebung
75%
K Klagenfurt
75%
KL Klagenfurt - Land
75%
VI Villach
75%
BZ Bludenz
50%
B Bregenz
50%
DO Dornbirn
50%
FK Feldkirch
50%
GS Güssing
50%
I Innsbruck
50%
JE Jennersdorf
50%
KU Kufstein
50%
L Linz
50%
LL Linz - Land
50%
MA Mattersburg
50%
TU Tulln
50%
W Wien
50%
WO Wolfsberg
50%
BN Baden
25%
BR Braunau
25%
EF Eferding
25%
FE Feldkirchen
25%
FR Freistadt
25%
GF Gänserndorf
25%
GD Gmünd
25%
GM Gmunden
25%
G Graz
25%
GR Grieskirchen
25%
HA Hallein
25%
HE Hermagor
25%
HL Hollabrunn
25%
IL Innsbruck - Land
25%
KI Kirchdorf an der Krems
25%
LA Landeck
25%
LB Leibnitz
25%
ME Melk
25%
OP Oberpullendorf
25%
OW Oberwart
25%
PE Perg
25%
RE Reutte
25%
RI Ried im Innkreis
25%
RO Rohrbach
25%
S Salzburg
25%
SL Salzburg - Land
25%
SD Schärding
25%
SP Spittal an der Drau
25%
SR Steyr
25%
SE Steyr - Land
25%
P St. Pölten
25%
PL St. Pölten - Land
25%
SV St. Veit an der Glan
25%
UU Urfahr - Umgebung
25%
VL Villach - Land
25%
VB Vöcklabruck
25%
VK Völkermarkt
25%
WE Wels
25%
WL Wels - Land
25%
WN Wiener Neustadt
25%
ZE Zell am See
25%
ZT Zwettl
25%
BA Bad Aussee
0%
BL Bruck an der Leitha
0%
BM Bruck-Mürzzuschlag
0%
DL Deutschlandsberg
0%
GU Graz - Umgebung
0%
GB Gröbming
0%
HF Hartberg-Fürstenfeld
0%
HO Horn
0%
IM Imst
0%
KB Kitzbühel
0%
KG Klosterneuburg
0%
KO Korneuburg
0%
KS Krems an der Donau - Stadt
0%
KR Krems - Land
0%
LE Leoben
0%
LN Leoben
0%
LZ Lienz
0%
LI Liezen
0%
LF Lilienfeld
0%
MI Mistelbach
0%
MD Mödling
0%
MU Murau
0%
MT Murtal
0%
NK Neunkirchen
0%
SB Scheibbs
0%
SZ Schwaz
0%
SW Schwechat
0%
JO St. Johann im Pongau
0%
SO Südoststeiermark
0%
TA Tamsweg
0%
VO Voitsberg
0%
WT Waidhofen an der Thaya
0%
WY Waidhofen an der Ybbs
0%
WZ Weiz
0%
Wien Wien
0%
WB Wiener Neustadt - Land
0%
Keine übereinstimmenden Quizze gefunden
Verteilung der Resultate
Anzahl Personen mit jedem Resultat
Perzentil nach korrekt beantworteten Fragen
Ihre Resultats-Entwicklung
Sie haben dieses Quiz seit der letzten Aktualisierung nicht gespielt